000 00377nam a22001577a 4500
003 MPLRDC
005 20220104123537.0
008 210129b ||||| |||| 00| 0 eng d
082 _a411.3 XZC
100 _a徐之才编
245 _a食物纤维与健康
_c
260 _a香港
_b百成出版社
_c
300 _b184
650 _a营养与食品
942 _cBK
_o411.3 XZC
999 _c12257
_d12247